000 00977nam a2200217 i 4500
001 151682
003 ES-MaACL
005 20250824074919.0
008 931025s1880 sp |||| | spa d
100 1 _aBarrera, Pedro María.
_925922
245 1 0 _aPor un bautizo
_b: comedia en un acto y en verso /
_cPedro María Barrera.
250 _a2ª ed.
260 _aMadrid :
_b[Hijos de A. Gullon, Editores],
_c1880 (
_fImprenta de José de Rojas)
300 _a32 p. ;
_c20 cm.
490 1 _aEl teatro: colección de obras dramáticas y líricas
594 _aEn port.: Estrenada en el Teatro Español, el día 8 de marzo de 1870.
596 _aEditor tomado de la cub.
830 0 3 _aEl teatro: colección de obras dramática y líricas
_9221753
852 _aES-MaACL
_jF-8634(1)
_z-- Enc. pasta española, conservando la enc. original
_z-- Enc. en un vol. facticio formando parte de la col. facticia "Teatro español moderno", vol. 89
999 _c151682
_d151682